000 00505nam a2200157 i 4500
001 24007
003 ES-MaACL
005 20230906152954.0
007 t|
008 021213s1921 fr ||||1| fre d
100 1 _aThomas, André.
_9133219
245 1 3 _aLa réflexe pilomoteur
_b: etude anatomo-clinique sur le système sympatique /
_cAndre-Thomas.
260 _aParis :
_b[s.n.],
_c1921 (
_ePoitiers :
_fSociété Français d'Imprimerie)
300 _aVII, 242 p. ;
_c25 cm.
852 _aES-MaACL
_jE-1304
999 _c24007
_d24007